ბათუმის შოთა რუსთაველის სახელმწიფო უნივერსიტეტის ბიბლიოთეკა

რჩეული თხზულებანი (ბიბ.ჩანაწერი № 49449)

000 -ლიდერი
ფიქსირებული სიგრძის საკონტროლო ველი 01751nam a2200349Ia 4500
001 - საკონტროლო ნომერი
საკონტროლო ველი 16372
003 - საკონტროლო ნომრის იდენტიფიკატორი
საკონტროლო ველი GE_BSU
005 - ბოლო ოპერაციის თარიღი და დრო
საკონტროლო ველი 20230306151753.0
008 - ფიქსირებული სიგრძის მონაცემთა ელემენტები - ზოგადი ინფორმაცია
ფიქსირებული სიგრძის საკონტროლო ველი 181216s||||||||xx |||||||||||||| ||und||
020 ## - წიგნის საერთაშორისო სტანდარტული ნომერი
International Standard Book Number ISBN: 978-9941-23-107-0(ლუკიანოსი)
040 ## - კატალოგიზაციის წყარო
Transcribing agency GE_BSU
041 ## - ენის კოდი
Language code of text/sound track or separate title geo
080 ## - უნივერსალური ათობითი კლასიფიკაციის ინდექსი
Universal Decimal Classification number 821.14'01-94
100 ## - მთავარი ჩანაწერი - პიროვნების სახელი
Personal name ლუკიანოსი
9 (RLIN) 17114
245 ## - ცნობა სათაურის შესახებ
Title რჩეული თხზულებანი
245 ## - ცნობა სათაურის შესახებ
Statement of responsibility, etc მთარგმნ.მარი ფიჩხაძე,რუსუდან კახიძე,ნანა ტონია
260 ## - გამოქვეყნების, გავრცელების, და სხვა. ცნობები
Place of publication, distribution, etc თბილისი
260 ## - გამოქვეყნების, გავრცელების, და სხვა. ცნობები
Name of publisher, distributor, etc ბაკურ სულაკაურის გამ-ბა
260 ## - გამოქვეყნების, გავრცელების, და სხვა. ცნობები
Date of publication, distribution, etc 2014
300 ## - ფიზიკური აღწერა
Extent 409 გვ. ;
Dimensions 22 სმ.
490 ## - სერიის ცნობა
Series statement მსოფლიო ლიტერატურის ბიბლიოთეკა : ანტიკური მწერლობა
Volume number/sequential designation 27
500 ## - ზოგადი შენიშვნა
General note ყდაზე:"ვულკანი ბორკილებს ადებს პრომეთეს",1623, დირკ ვან ბაბურენი.ამსტერდამის სახელმწიფო მუზეუმი
653 ## - INDEX TERM--UNCONTROLLED
Uncontrolled term თზულებანი
653 ## - INDEX TERM--UNCONTROLLED
Uncontrolled term ლიტერატურა
653 ## - INDEX TERM--UNCONTROLLED
Uncontrolled term რჩეული თხზულებანი
700 ## - ADDED ENTRY--PERSONAL NAME
Personal name გოგუაძე, ემზარ
Relator term რედაქტორი
9 (RLIN) 17115
700 ## - ADDED ENTRY--PERSONAL NAME
Personal name ფიჩხაძე, მარი
Relator term მთარგმნელი
9 (RLIN) 17116
700 ## - ADDED ENTRY--PERSONAL NAME
Personal name კახიძე, რუსუდან
Relator term მთარგმნელი
9 (RLIN) 17117
700 ## - ADDED ENTRY--PERSONAL NAME
Personal name ტონია, ნანა
Relator term მთარგმნელი
9 (RLIN) 17118
942 ## - ADDED ENTRY ELEMENTS (KOHA)
Koha item type წიგნი
Source of classification or shelving scheme
ეგზემპლარები
ჩამოწერის სტატუსი დაკარგული ეგზემპლარის სტატუსი კლასიფიკაციის წყარო ან თაროზე გაწყობის სქემა დაზიანების სტატუსი არ გაიცემა მუდმივი მდებარეობა (დაცვის ადგილი) ამჟამინდელი ადგილსამყოფელი თაროზე განთავსების ადგილი შეძენის თარიღი ღირებულება, შესყიდვის ნორმალური ფასი სრული შენახვის შიფრი შტრიხკოდი ბოლო ოპერაციის თარიღი ეგზემპლარის მიმდევრობითი ნომერი (კეტერი?) ფასის ძალაში შესვლის თარიღი ეგზემპლარის სახეობა საჯარო შენიშვნა
          ბათუმის შოთა რუსთაველის სახელმწიფო უნივერსიტეტის მთავარი ბიბლიოთეკა ბათუმის შოთა რუსთაველის სახელმწიფო უნივერსიტეტის მთავარი ბიბლიოთეკა წიგნსაცავი 2018-12-17 12.00 821.14'01-94 40807 2018-12-17 40807 2018-12-17 წიგნი 12.00 ₾.
          ბათუმის შოთა რუსთაველის სახელმწიფო უნივერსიტეტის მთავარი ბიბლიოთეკა ბათუმის შოთა რუსთაველის სახელმწიფო უნივერსიტეტის მთავარი ბიბლიოთეკა წიგნსაცავი 2018-12-17 9.00 821.14'01-94 57496 2018-12-17 57496 2018-12-17 წიგნი 9.00 ₾.
          ბათუმის შოთა რუსთაველის სახელმწიფო უნივერსიტეტის მთავარი ბიბლიოთეკა ბათუმის შოთა რუსთაველის სახელმწიფო უნივერსიტეტის მთავარი ბიბლიოთეკა წიგნსაცავი 2018-12-17 9.00 821.14'01-94 57497 2018-12-17 57497 2018-12-17 წიგნი 9.00 ₾.
          ბათუმის შოთა რუსთაველის სახელმწიფო უნივერსიტეტის მთავარი ბიბლიოთეკა ბათუმის შოთა რუსთაველის სახელმწიფო უნივერსიტეტის მთავარი ბიბლიოთეკა წიგნსაცავი 2018-12-17 9.00 821.14'01-94 57498 2018-12-17 57498 2018-12-17 წიგნი 9.00 ₾.